Ładuje się......
Introduction to stellar astrophysics/vol 3/ Stellar structure and evolution/
| 1. autor: | |
|---|---|
| Format: | Printed Book |
| Wydane: |
Cambridge
CUP
1997
|
| LEADER | 00463 a2200109 4500 | ||
|---|---|---|---|
| 082 | |a 523 BOH/I.3 | ||
| 100 | |q Bohm-Vitense Erika | ||
| 245 | |a Introduction to stellar astrophysics/vol 3/ |c by Erika Bohm-Vitense |b Stellar structure and evolution/ | ||
| 260 | |a Cambridge |b CUP |c 1997 | ||
| 942 | |c BK | ||
| 999 | |c 168080 |d 168080 | ||
| 952 | |0 0 |1 0 |2 ddc |4 0 |6 523_000000000000000_BOH_I_3 |7 0 |9 185985 |a PHY |b PHY |c ST1 |d 2010-07-31 |i 4015 |l 3 |m 0 |o 523 BOH/I.3 |p PHY4015 |r 2017-08-24 |s 2015-06-10 |w 2010-07-31 |y BK | ||